Hidup dalam kemenangan : (Record no. 85172)

MARC details
000 -LEADER
fixed length control field 00585cam a22002051a 4500
001 - CONTROL NUMBER
control field sa 68013553
003 - CONTROL NUMBER IDENTIFIER
control field DLC
005 - DATE AND TIME OF LATEST TRANSACTION
control field 20260227112622.0
008 - FIXED-LENGTH DATA ELEMENTS--GENERAL INFORMATION
fixed length control field 900228s1965 io 000 0 ind
010 ## - LIBRARY OF CONGRESS CONTROL NUMBER
LC control number sa 68013553
035 ## - SYSTEM CONTROL NUMBER
System control number (OCoLC)21133358
040 ## - CATALOGING SOURCE
Original cataloging agency DLC
Transcribing agency GEU-T
Modifying agency MiU
-- DLC
042 ## - AUTHENTICATION CODE
Authentication code premarc
050 00 - LIBRARY OF CONGRESS CALL NUMBER
Classification number BV55
Item number .G63
100 1# - MAIN ENTRY--PERSONAL NAME
Personal name Djien, Goei Ping.
245 10 - TITLE STATEMENT
Title Hidup dalam kemenangan :
Remainder of title renungan Paskah /
Statement of responsibility, etc. oleh Goei Ping Djien.
260 ## - PUBLICATION, DISTRIBUTION, ETC.
Place of publication, distribution, etc. Djakarta :
Name of publisher, distributor, etc. Badan Penerbit Kristen,
Date of publication, distribution, etc. 1965.
300 ## - PHYSICAL DESCRIPTION
Extent 24 p. ;
Dimensions 21 cm.
650 #0 - SUBJECT ADDED ENTRY--TOPICAL TERM
Topical term or geographic name entry element Christian life
General subdivision Reformed authors.

No items available.

Powered by Koha